000 00886nas a2200289 4500
001 BR0403716
003 BR-BrBNA
005 20231205104746.0
007 ta
008 230509b bl.|||p| |||| 00| 00por d
040 _aBR-BrBNA
_bpor
_cBiblioteca Nacional de Agricultura
041 _a(Pt)
072 _aQ03; Q04
100 1 _aGuimarães, J.T.C.
100 1 _aSousa, C.L.
100 1 _aPena, R. da S.
245 1 _aAvaliação da qualidade de lingüiças tipo calabresa comercializadas na cidade de Belém, PA
650 _aLINGÜIÇA
650 _aCONTROLE DE QUALIDADE
650 _aMICROBIOLOGIA DE ALIMENTO
650 _aANÁLISE QUÍMICA
650 _aANÁLISE FÍSICA
650 _aPARÁ
773 0 _tHigiene Alimentar (Brazil)
_xISSN 0101-9171
_g(Mar 2004), v. 18(118) p. 81-83
_wBR0403716
909 _a202311
_bLúcia
_c55
_dLúcia Elande
942 _2AGRIS
_n0
_cANA
999 _c179573
_d179573